00985nam a22002297a 450000500170000001000150001702000270003203500160005903700130007508200160008810000300010424501060013425000060024026000290024627001430027530000260041850001030044470000230054794200270057099900190059795201390061620240214104625.0 aENG-139229 a9788119403783c2195.00 a EN-122761 bDBAD/PUB a346.540723 aRavichandran, K S 962043 aRelated Party TransactionUnder The Companies Act, 2013/cBy K S Ravichandran and Forword By A K Sikri a3 bLexis NexisaIndiac2019 bGurgaone122002a14th Floor , Building No 10, Tower-B, DLF Cyber City, phase -llk+91 124 4774444l+91 124 4774100mhelp.in@lexisnexis.com axlix.961p.c25cm(hbk) aIncludes Comprehensive Coverage of Loans, Guarantees and Securities Key Managerial Personnel et al aSikri, A K 962044 2ddccENh346.5407mRAV c200726d200726 001040718NFICaZLSbZLSd2024-02-14eDBAD/PUBg2195.00l0o346.5407 RAVpEN-122761r2024-02-14 00:00:00t1v2195.00w2024-02-14yEN